Statistiques concernant Quizz Jujutsu Kaisen (Chapitre 1-226) (Q10-15 difficile)

Cliquez ici pour prendre le quiz!

Statistiques générales

  • Ce quiz a été pris 708 fois
  • Le résultat moyen est 8 sur 14

Statistiques - réponses

QuestionRéponse% Correct
De quoi sont fait les corps des fléaux ?D'énergie occulte
90%
Comment se nomme le familier (de la technique des dix ombres) qui s'avère être incontrôlable ?Makora
88%
Que devait faire Jogo pour que Sukuna accepte de faire ce qu'il souhaite (à Shibuya) ?Réussir à lui porter un coup
83%
Quel(s) personnage(s) détien(nent) le record de "Rayon noir" lancés d'affilés ?Nanami Kento et Itadori Yuji
82%
Avec qui Yuki fit-elle équipe pour affronter Kenjaku (corps de Geto) ?Choso et Ten Gen
80%
A quelle classe d'exorciste appartient Takumi Ino (l'exorciste cagoulé)Classe 2
77%
A quelle date la "Parade des Fléaux" a-t-elle été lancée par Suguru Geto ?24 Décembre
71%
Quel est le nom de l'humain contrôlant Mechamaru ?Kokichi Muta
63%
En quoi consiste principalement la technique occulte spéciale de Utahime ?Exécuter une danse qui "boost" les capacités occultes de qui elle souhaite
55%
Pourquoi Hakari Kinji est-il suspendu de l'école d'éxorcisme ?Il s'est embrouillé avec les conservateurs (supérieurs)
48%
A quelle heure exacte Satoru Gojo est-il arrivé à Shibuya ?20h31
38%
Comment se nomme l'extension de territoire de Kinji Hakari ?Joueur meurtrier
37%
Comment se nomme le memebre du "Culte astral qui a engagé Toji Fushiguro pour tuer le Plasma Stellaire ?Gong Shi Woo
19%
Comment se nomme l'incarné vert clair du proviseur Yaga ?Cathy
15%

Distribution des résultats

Percentile par nombre de réponses

% des personnes avec chaque résultat

Votre développement - résultats

Vous n’avez pas pris ce quiz